| 000 | 00575nam a2200121Ia 4500 | ||
|---|---|---|---|
| 008 | 220620s9999||||xx |||||||||||||| ||und|| | ||
| 100 | _aWardle, Heather | ||
| 245 | 0 |
_aGames Without Frontiers? _bSocio-historical Perspectives at the Gaming/Gambling Intersection |
|
| 546 | _aEnglish[eng] | ||
| 650 | _aSociology||Internet||Online||Australia||UK||USA||Reward||Risk||Money||E-sports||Leisure | ||
| 856 | _uhttps://library.oapen.org/bitstream/20.500.12657/50414/1/978-3-030-74910-1.pdf||https://library.oapen.org/bitstream/20.500.12657/50414/1/978-3-030-74910-1.pdf | ||
| 942 | _cEB | ||
| 999 |
_c21644 _d21644 |
||